| 000 | 00814nam a2200241Ia 4500 | ||
|---|---|---|---|
| 001 | 19506 | ||
| 003 | GE_BSU | ||
| 008 | 181216s||||||||xx |||||||||||||| ||und|| | ||
| 040 | _cGE_BSU | ||
| 080 | _a811.353.1'373 | ||
| 100 | _aკახაძე, ოტია. | ||
| 245 | _aპურეულის ლექსიკა ქართულში | ||
| 245 | _cრედაქტორი: არნ. ჩიქობავა | ||
| 260 | _aთბილისი | ||
| 260 | _bმეცნიერება | ||
| 260 | _c1987 | ||
| 300 | _a115გვ; 20სმ | ||
| 300 | _bრეზ. რუს. ენ. - ბიბლიოგრ.გვ. 103. | ||
| 541 | _h1ლ.90თ. | ||
| 653 | _aქართული ენა | ||
| 653 | _aქართული ენის ლექსიკა; | ||
| 942 | _cBK | ||
| 999 |
_c52483 _d52483 |
||